Beyond counseling and therapy (Record no. 44164)
[ view plain ]
| 000 -LEADER | |
|---|---|
| fixed length control field | 00564cam a22002051 4500 |
| 001 - CONTROL NUMBER | |
| control field | 2171952 |
| 005 - DATE AND TIME OF LATEST TRANSACTION | |
| control field | 20180306064907.0 |
| 008 - FIXED-LENGTH DATA ELEMENTS--GENERAL INFORMATION | |
| fixed length control field | 740605s1967 nyu b 000 0 eng |
| 010 ## - LIBRARY OF CONGRESS CONTROL NUMBER | |
| LC control number | 67024781 |
| 040 ## - CATALOGING SOURCE | |
| Original cataloging agency | DLC |
| Transcribing agency | DLC |
| Modifying agency | DLC |
| 041 ## - LANGUAGE CODE | |
| Language code of text/sound track or separate title | eng |
| 080 ## - UNIVERSAL DECIMAL CLASSIFICATION NUMBER | |
| Universal Decimal Classification number | 616.891 rob |
| 082 00 - DEWEY DECIMAL CLASSIFICATION NUMBER | |
| Classification number | 616.891 rob |
| 100 1# - Rafti | |
| Rafti | 4 |
| 101 ## - Shkurtesa | |
| Shkurtesa | shk |
| 245 10 - TITLE STATEMENT | |
| Title | Beyond counseling and therapy |
| Statement of responsibility, etc | [by] Robert R. Carkhuff [and] Bernard G. Berenson. |
| 504 ## - BIBLIOGRAPHY, ETC. NOTE | |
| Bibliography, etc | Includes bibliographical references. |
| 906 ## - LOCAL DATA ELEMENT F, LDF (RLIN) | |
| a | 7 |
| b | cbc |
| c | orignew |
| d | u |
| e | ocip |
| f | 19 |
| g | y-gencatlg |
| 942 ## - ADDED ENTRY ELEMENTS (KOHA) | |
| Source of classification or shelving scheme | |
| Item type | Books |
No items available.